| 000 | 00902cam a2200205 4500 | ||
|---|---|---|---|
| 001 | ABS67278 | ||
| 008 | 031128n2003 000 0 eng u | ||
| 035 | _a(Sirsi) u124527 | ||
| 100 | _aGillon, J. | ||
| 245 | _aConservation area character appraisals | ||
| 260 | _c2003 | ||
| 490 |
_aContext _v(81) September 2003, 27-28(2) |
||
| 520 | _aLooks at the increase in the number of places which have been given conservation area designation. Argues this is often given with little regard as to why and what it can achieve. Concentrates particularly on the 600 of the 10 000 in the UK which are in Scotland. Emphasises that assessments should take in local opinions, as well as just analysis of character. | ||
| 590 | _aABS | ||
| 650 | _aSCOTLAND | ||
| 650 | _aCONSERVATION AREAS | ||
| 650 | _aHISTORIC AREAS | ||
| 690 | _aENVIRONMENTAL AND LAND CONSULTANCY-PLANNING AND DEVELOPMENT | ||
| 942 | _n0 | ||
| 999 |
_c73902 _d73902 |
||